000 00669nam a2200229Ia 4500
003 OSt
005 20220918190958.0
006 a|||||r|||| 00| 0
007 ta
008 220917b |||||||| |||| 00| 0 eng d
024 _a60,794
037 _cTextual
040 _aARTS
_cARTS
_beng
041 _2eng
_aeng
082 _aQ6:65wM39, J6 (906)
100 _aPrice Elizabeth Lees
_974396
245 0 _aJournals written in Bechuanaland Southern Africa 1854 1883 with an epiogie
_b 1889-1900 ed by Una Long
260 _c1956
650 _aRELIGION
942 _hQ6:65wM39, J6 (906)
_cTEXL
_2CC
999 _c187673
_d187673